The Pharmacology of Anesthetic Drugs / A Syllabus for Students and Clinicians: Fifth Edition - Second Printing (Record no. 4400)
[ view plain ]
| 000 -LEADER | |
|---|---|
| fixed length control field | 01140cam a22002174a 4500 |
| 005 - ΗΜΕΡΟΜΗΝΙΑ ΚΑΙ ΩΡΑ ΤΕΛΕΥΤΑΙΑΣ ΕΝΗΜΕΡΩΣΗΣ | |
| Πεδίο ελέγχου | 20250605164145.0 |
| 008 - FIXED-LENGTH DATA ELEMENTS--GENERAL INFORMATION | |
| Πεδίο ελέγχου σταθερού μήκους | 250528s ||||||||||||||||||||||||d |
| 035 ## - SYSTEM CONTROL NUMBER | |
| System control number | 19121 |
| 020 ## - ISBN | |
| ISBN | 398000131 |
| 040 ## - ΠΗΓΗ ΚΑΤΑΛΟΓΟΓΡΑΦΗΣΗΣ | |
| Φορέας πρωτότυπης καταλογογράφησης | MC Athens Campus Library |
| Γλώσσα καταλογογράφησης | Ελληνικά, Μοντέρνα (1453-) |
| Modifying agency | MC Athens Campus Library |
| Κανόνες περιγραφικής καταλογογράφησης | AACR2 |
| 245 1# - ΤΙΤΛΟΣ ΚΑΙ ΔΗΛΩΣΗ ΥΠΕΥΘΥΝΟΤΗΤΑΣ | |
| Τίτλος | The Pharmacology of Anesthetic Drugs / A Syllabus for Students and Clinicians: Fifth Edition - Second Printing |
| 250 ## - EDITION STATEMENT | |
| Edition statement | 5th |
| 260 ## - PUBLICATION, DISTRIBUTION, ETC. | |
| Date of publication, distribution, etc. | 1973 |
| 300 ## - PHYSICAL DESCRIPTION | |
| Extent | 304 |
| 520 ## - SUMMARY, ETC. | |
| Summary, etc. | Preface, Effects of Physical and Chemical Properties on Pharmacological Activity, Administration and Absorption and Elimination of Anesthetic Drugs, General Systemic Effects, Administration of Volatile Drugs, Gaseous Agents, Volatile Agents, Inorganic Nonvolatile Agents, Aliphatic Nonvolatile Agents, Barbiturates and Other Nonvolatile Agents, Analgesics, Local Anesthetics, Nonanesthetic Drugs Used in Conjuction with Anesthesia, Inorganic Gases Used in Conjuction with Anesthesia, Some Clinical Considerations, Glossary, Bibliography, Drug Index, Index. |
| 700 1# - ΠΡΟΣΘΕΤΗ ΑΝΑΓΡΑΦΗ--ΦΥΣΙΚΟ ΠΡΟΣΩΠΟ | |
| Personal name | Adriani John M.D. |
| 9 (RLIN) | 5369 |
| 700 1# - ΠΡΟΣΘΕΤΗ ΑΝΑΓΡΑΦΗ--ΦΥΣΙΚΟ ΠΡΟΣΩΠΟ | |
| Personal name | Charles C Thomas |
| 9 (RLIN) | 5370 |
| 942 ## - ADDED ENTRY ELEMENTS (KOHA) | |
| Koha item type | Books |
| Τύπος τεκμηρίου | Βιβλιοθήκη | Τρέχουσα τοποθεσία | Barcode | Αριθμός εισαγωγής | Ημερομηνία απόκτησης | Ταξιθετικό σύμβολο | Αριθμός αντιτύπου | Κατάσταση απόσυρσης | Κατάσταση χαμένου | Κατάσταση κατεστραμμένου | Μη δανεισμός | Σύνολο δανεισμών | Ημερομηνία τελευταίας εμφάνισης | Η τιμή ισχύει από |
|---|---|---|---|---|---|---|---|---|---|---|---|---|---|---|
| Books | MC Athens Campus Library | MC Athens Campus Library | 9780000043993 | 5081 | 05/06/2025 | REF 617.96 ADR | 1 | 05/06/2025 | 05/06/2025 |